Best generals in history - Statistics

General Stats
  • This quiz has been taken 129 times
  • The average score is 5 of 30
Answer Stats
Battles won Answer % Correct
56 Napoleon Bonaparte
98%
23 Julius Caesar
71%
22 Alexander the great
69%
39 Duke of Wellington
58%
18 Hannibal
55%
15 Ulysses S. Grant
38%
18 Douglas MacArthur
24%
19 Bernard Montgomery
21%
28 Khalid ibn al-walid
12%
22 Takeda Shingen
11%
20 Cao Cao
5%
15 Batu Khan
4%
21 Oda Nobunaga
4%
14 Babur
3%
21 Maurice of Nassau
2%
16 Alexander Suvorov
1%
16 Harry chauvel
1%
14 Louis Nicolas Davout
1%
18 Michel Ney
1%
15 Andre Massena
0%
19 Douglas Haig
0%
18 Edmund Allenby
0%
13 Eugene of Savory
0%
14 Fedor Von Bock
0%
14 Ferdinand Foch
0%
14 Hari Singh Nalwa
0%
14 Henry Rawlinson
0%
15 Jean Moreau
0%
14 Joachim Murat
0%
15 Turenne
0%
No matching quizzes found
Score Distribution
Percent of People with Each Score
Percentile by Number Answered
Your Score History
You have not taken this quiz